[Event "Vina del Mar op 11th"]
[Site "Vina del Mar"]
[Date "2019.??.??"]
[Round "1"]
[White "Valencia Silva, Roberto"]
[Black "Jaque Gutierrez, Matias"]
[Result "0-1"]
[WhiteElo "1680"]
[BlackElo "1738"]
[PlyCount "88"]
[EventDate "2019.05.19"]
[EventType "swiss"]
[EventRounds "6"]
[EventCountry "CHI"]
[SourceTitle "CBM 190 Extra"]
[Source "ChessBase"]
[SourceDate "2019.07.15"]
[SourceVersion "1"]
[SourceVersionDate "2019.07.15"]
[SourceQuality "1"]

1. d4 c5 2. d5 Nf6 3. c4 e6 4. Nc3 exd5 5. cxd5 d6 6. Bg5 g6 7. Nf3 Bg7 8. e4 0-0 9. h3 a6 10. a4 Nbd7 11. Bd3 h6 12. Bh4 Re8 13. 0-0 g5 14. Bg3 Nf8 15. Nd2 Ng6 16. Nc4 Nf4 17. Bxf4 gxf4 18. Qf3 Nd7 19. Qxf4 Ne5 20. Nxe5 Rxe5 21. Qh2 Rg5 22. f4 Bd4+ 23. Kh1 Rg7 24. Rae1 Qh4 25. Rg1 Bxg1 26. Rxg1 Rg3 27. Bc4 Bd7 28. Ne2 Re3 29. g3 Qh5 30. g4 Qxh3 31. Ng3 Qxh2+ 32. Kxh2 Bxg4 33. Bf1 Kh8 34. Bg2 Rg8 35. Rf1 Rb3 36. e5 Rxb2 37. exd6 Rg6 38. f5 Rxd6 39. Rf4 Bd1 40. f6 Rxd5 41. Kh3 Rdd2 42. Bf3 Bxf3 43. Rxf3 c4 44. Kg4 Rd3 0-1